[Event "GER-chT U14 Girls"]
[Site "Greifswald"]
[Date "2001.12.28"]
[Round "3.3"]
[White "Billing, Tanja"]
[Black "Bein, Nadine"]
[Result "1-0"]
[WhiteElo "1116"]
[BlackElo "1015"]
[PlyCount "129"]
[EventDate "2001.12.27"]
[EventType "team-swiss"]
[EventRounds "7"]
[EventCountry "GER"]
[SourceTitle "EXT 2003"]
[Source "ChessBase"]
[SourceDate "2002.11.25"]
[SourceVersion "1"]
[SourceVersionDate "2002.11.25"]
[SourceQuality "1"]
[WhiteTeam "Schwabmuenchen U14 Girls"]
[BlackTeam "Mutterstadt U14 Girls"]
[WhiteTeamCountry "GER"]
[BlackTeamCountry "GER"]

1. c4 e5 2. Nc3 Nf6 3. d3 d6 4. Bd2 Be7 5. g3 Bd7 6. Bg2 Nc6 7. Nf3 0-0 8. 0-0 Be6 9. Qc2 d5 10. cxd5 Nxd5 11. Nxd5 Bxd5 12. Qa4 a6 13. Qg4 Bf6 14. e4 Be6 15. Qh5 Nd4 16. Ng5 h6 17. Nxe6 fxe6 18. Rac1 Qe7 19. a3 Qf7 20. Qxf7+ Rxf7 21. Rfe1 Rd8 22. Bh3 Re7 23. Kh1 Nb3 24. Bb4 c5 25. Bxc5 Nxc5 26. Rxc5 Rxd3 27. Rec1 Rd8 28. Rc7 Rde8 29. Rxe7 Rxe7 30. Rd1 Kf7 31. Rf1 Bg5 32. f4 exf4 33. gxf4 Bh4 34. e5 g6 35. Bg2 Re8 36. Bxb7 a5 37. Rc1 Bd8 38. Rd1 g5 39. Bc6 Rg8 40. fxg5 hxg5 41. Rd7+ Kg6 42. Be4+ Kh5 43. Rh7+ Kg4 44. Kg2 Kf4 45. Bc2 g4 46. Rh4 Bxh4 47. Bh7 Rg5 48. Bc2 Rxe5 49. Bd3 Re3 50. Bc4 e5 51. b4 Re1 52. bxa5 Ra1 53. a6 Rxa3 54. Bb5 e4 55. Bc4 e3 56. Be2 Ra2 57. Kf1 Ra1+ 58. Kg2 Bf2 59. h4 Rg1+ 60. Kh2 Rg3 61. a7 Rh3+ 62. Kg2 g3 63. a8Q Rh2+ 64. Kf1 Rh1+ 65. Qxh1 1-0

[Event "GER-chT U14 Girls"]
[Site "Greifswald"]
[Date "2001.12.27"]
[Round "2.4"]
[White "Deichmann, Schirin"]
[Black "Bein, Nadine"]
[Result "1-0"]
[WhiteElo "100"]
[BlackElo "1015"]
[PlyCount "69"]
[EventDate "2001.12.27"]
[EventType "team-swiss"]
[EventRounds "7"]
[EventCountry "GER"]
[SourceTitle "EXT 2003"]
[Source "ChessBase"]
[SourceDate "2002.11.25"]
[SourceVersion "1"]
[SourceVersionDate "2002.11.25"]
[SourceQuality "1"]
[WhiteTeam "Eppendorf Johanneum U14 Girls"]
[BlackTeam "Mutterstadt U14 Girls"]
[WhiteTeamCountry "GER"]
[BlackTeamCountry "GER"]

1. e4 d5 2. exd5 Qxd5 3. Nf3 Nc6 4. d4 Bg4 5. Be2 0-0-0 6. Be3 Bxf3 7. Bxf3 Qb5 8. b3 Qb4+ 9. c3 Qd6 10. d5 Qf6 11. 0-0 e6 12. Bd4 Nxd4 13. cxd4 exd5 14. Nc3 Ne7 15. Qd2 g6 16. Nb5 Nc6 17. Rac1 Bd6 18. Qd3 Qf4 19. g3 Qf5 20. Qe2 Rhe8 21. Qd1 a6 22. Bg4 Qxg4 23. Qxg4+ Kb8 24. Nxd6 Rxd6 25. Rfe1 Rf8 26. Qg5 f6 27. Qh6 Rh8 28. Qg7 Rhd8 29. Qxh7 f5 30. Re2 Nxd4 31. Re7 Nb5 32. a4 Nd4 33. b4 Rc6 34. Rxc6 bxc6 35. Rxc7 1-0